00265nam a2200097 a 4500008004100000050001500041100002100056245007200077260000900149350000900158120416s1985 xx |||||||||||||| || u aTD 461 Ozo aEvans, Francis L10aOzone in water and wastewater treatmentcedited by Francis L. Evans c1985 a0.00